| 000 | 00000nam 2200000za 4500 |
| 001 | 9.824806 |
| 003 | CaOODSP |
| 005 | 20221107144218 |
| 007 | cr ||||||||||| |
| 008 | 160926s2016 onca #o f000 0 fre d |
| 020 | |a9780660064178 |
| 040 | |aCaOODSP|bfre |
| 043 | |an-cn--- |
| 086 | 1 |aCH24-47/2016F-PDF |
| 245 | 00|aFonds Canada 150 |h[ressource électronique] : |bprojets signature - descriptions des projets. |
| 260 | |a[Ottawa?] : |bPatrimoine canadien, |cc2016. |
| 300 | |a40 p. : |bill. |
| 500 | |aTitre pris sur la couv. |
| 500 | |aPubl. aussi en anglais sous le titre: Canada 150 Fund : signature projects - project descriptions. |
| 520 | |aDécrit le Fonds Canada 150 projets avec les partenariats et les coordonnées. |
| 530 | |aÉgalement publ. en version imprimée. |
| 692 | 07|2gccst|aIdentité canadienne |
| 692 | 07|2gccst|aPatrimoine |
| 692 | 07|2gccst|aGestion de projet |
| 710 | 1 |aCanada. |bPatrimoine canadien. |
| 775 | 08|tCanada 150 Fund |w(CaOODSP)9.824803 |
| 776 | 0#|tFonds Canada 150 : |w(CaOODSP)9.824812 |
| 794 | |tFonds Canada 150 |w(CaOODSP)9.834350 |
| 856 | 40|qPDF|s802 Ko|uhttps://publications.gc.ca/collections/collection_2017/pch/CH24-47-2016-fra.pdf |